LEADER 01032nam a2200265 u 4500 001 000000072295 003 CaOOAMICUS 005 20070226122227.0 008 020613s1977 it u000 u ita u 035 $a10933280 040 $aPUL(R)$bita 100 1 $aWolf, Mauro.$0(OLS)http://pul/name/43659 245 14$aGli apparati delle comunicazioni di massa /$cMauro Wolf. 260 $aRimini :$bGuaraldi,$cc1977. 300 $a167 p. ;$c19 cm 490 1 $aLe guide guaraldi ;$v7 504 $aBibliografia: p. 145-167. 650 4$aComunicazioni di massa.$0(OLS)http://pul/subject/10410 830 3$aLe guide Guaraldi ;$v7.$0(OLS)http://pul/title/91338 850 $aPUL 852 $aPUL$W1$xDP1 Cons. Gen., Altre Classi 1$y22$m845 L 14$j93528$nBK-PRI$b $qStampati$B93528$CPULBib$Z2$F93528 $H $81 941 1 $a8 961 $aINV: 63992 996 $6245$aGli apparati delle comunicazioni di massa$9(OLS)http://pul/title/95106 996 $6260$aRimini :$bGuaraldi$9(OLS)http://pul/publisher/52921 LEADER 01427nam a2200277 u 4500 001 000000080644 003 CaOOAMICUS 005 20130207105458.0 008 050117s2004 it u000 u eng u 035 $a11022262 040 $aPUL$bita 100 1 $aOnwukeme, Victor.$0(OLS)http://pul/name/53766 245 14$aThe concept of hebel (vanity) and the meaning of life in the book of Qoheleth :$bif everything is hebel what is the meaning of life? /$cVictor Onwukeme. 260 $aRomae :$b[s.n.],$c2004. 300 $a368 p.$c24 cm 500 $aIn testa al front.: "Pontificia Studiorum Universitas a S. Thoma Aq. in Urbe". 502 $aDiss. ad lauream -- Pontificia Universitas S. Thomae in Urbe. Facultas theologiae. 504 $aBibliografia : p. [343]-368. 630 04$aBiblia.$pV.T.$pQohlet$xCritica e interpretazione.$0(OLS)http://pul/subject/37773 710 2 $aPontificia Studiorum Universitas a Sancto Thoma Aquinate in Urbe.$0(OLS)http://pul/name/1609 850 $aPUL 852 $aPUL$W1$xDP1 Tesi Pon. Univ. S. Tommaso$y44$m2004 B 17$j142894$nBK-PRI$qTesi$B102992$CPULBib$Z2$F102992 $H96854 $82 941 1 $a16 996 $6245$aThe concept of hebel (vanity) and the meaning of life in the book of Qoheleth :$bif everything is hebel what is the meaning of life?$9(OLS)http://pul/title/105597 996 $6260$aRomae :$b[s.n.]$9(OLS)http://pul/publisher/48223